Современные проблемы физической органической химии: пер. с англ.

Бібліографічні деталі
Інші автори: Вольпин М. Е. (редактор)
Мова:Російська
Опубліковано: Москва, Мир, 1967
Предмети:
Формат: MixedMaterials Книга
KOHA link:https://koha.lib.tpu.ru/cgi-bin/koha/opac-detail.pl?biblionumber=124101

MARC

LEADER 00000nam0a2200000 4500
001 124101
005 20231101215841.0
035 |a (RuTPU)RU\TPU\book\134311 
090 |a 124101 
100 |a 20071029d1967 k y0rusy50 ca 
101 1 |a rus  |c eng 
102 |a RU 
105 |a a z 001zy 
200 1 |a Современные проблемы физической органической химии  |e пер. с англ.  |f под ред. М. Е. Вольпина 
210 |a Москва  |c Мир  |d 1967 
215 |a 560 с.  |c ил. 
320 |a Библиография в конце статей 
606 1 |a Органическая химия, физическая  |2 stltpush  |3 (RuTPU)RU\TPU\subj\75625  |9 87314 
610 1 |a современные проблемы 
610 1 |a физическая химия 
610 1 |a органические соединения 
610 1 |a сборники 
675 |a 547:544  |v 3 
702 1 |a Вольпин  |b М. Е.  |4 340 
801 1 |a RU  |b 63413507  |c 20071029  |g PSBO 
801 2 |a RU  |b 63413507  |c 20161003  |g PSBO 
942 |c BK